Mixed Word: Beatles Songs III Quiz Stats

 Plays Quiz Updated Oct 18, 2017

Score 0/16 Timer 03:00
1 Play Today
Mixed Word Song % Correct
I TNWA OT ODLH UORY NHADI Want to Hold Your Hand
99.7%
ELT TI EBLet It Be
99.4%
ZZDIY SIMS YLZIZDizzy Miss Lizzy
98.3%
WOT FO SUTwo of Us
97.6%
VIE STUJ ENES A CFEAI've Just Seen A Face
97%
NAD I EVOL EHRAnd I Love Her
96.7%
RIEVD YM ACRDrive My Car
96.3%
ULBE YAJ AWYBlue Jay Way
95.7%
Mixed Word Song % Correct
NNYPE NALEPenny Lane
95.6%
ERHE MECOS HET NUSHere Comes The Sun
95.4%
XIGFIN A OLEHFixing a Hole
89.2%
A RDHA SDYA GHINTA Hard Day's Night
87.3%
LLECHMIEMichelle
75.3%
WHENOER ANMNowhere Man
66.8%
ACSEEUBBecause
60.2%
I MA HET SULWARI Am the Walrus
44.3%

You're not logged in!

Compare scores with friends on all Sporcle quizzes.
OR
Log In

Sporcle TV

Today on Sporcle TV


Watch our educational content, quiz creation guides, and fun videos on Sporcle TV.

Show Comments

Extras

Top Quizzes Today


Score Distribution

Your Account Isn't Verified!

In order to create a playlist on Sporcle, you need to verify the email address you used during registration. Go to your Sporcle Settings to finish the process.

Report this User

Report this user for behavior that violates our Community Guidelines.

Details: